000 00651nam a2200265Ia 4500
005 20260324153210.0
008 008 260324s9999 xx 000 0 eng d
020 _a9780128042946
037 _aEBOOK
040 _aCRL
040 _beng
040 _cCRL
041 _2eng
041 _aeng
084 _qCRL
100 _aFeckan, Michal
_91230851
245 0 _aPoincaré-Andronov-Melnikov Analysis for Non-Smooth Systems
260 _bElsevier
260 _c2016
650 _aMathematics
856 _uhttps://www.sciencedirect.com/science/book/9780128042946
942 _cEBOOK
999 _c1842147
_d1842147